Roadside maintenance : (Record no. 547637)

000 -LEADER
fixed length control field 00851pam a2200157 a 4500
082 00 - DEWEY DECIMAL CLASSIFICATION NUMBER
Classification number 625.770288
Author Mark NAT
-- D
245 00 - TITLE STATEMENT
Title Roadside maintenance :
Remainder of title includes proceedings of Symposium on Roadside Vegetation Management and Manipulation, August 3-8, 1981, San Antonio, Texas /
Statement of responsibility, etc. Transportation Research Board, Commission on Sociotechnical Systems, National Research Council.
260 ## - PUBLICATION, DISTRIBUTION, ETC.
Place of publication, distribution, etc. Washington, D.C. :
Name of publisher, distributor, etc. National Academy of Sciences,
Date of publication, distribution, etc. 1981.
300 ## - PHYSICAL DESCRIPTION
Extent iv, 23 p. ;
Dimensions 28 cm.
500 ## - GENERAL NOTE
General note Reports prepared for the 60th annual meeting of the Transportation Research Board and abstracts of papers presented at the symposium.
526 ## - STUDY PROGRAM INFORMATION NOTE
Program name 0
Interest level 0
Reading level 0
Title point value 380_500000000000000_S_NAT
650 #0 - SUBJECT ADDED ENTRY--TOPICAL TERM
Topical term or geographic name entry element MCE
9 (RLIN) 379
650 #0 - SUBJECT ADDED ENTRY--TOPICAL TERM
Topical term or geographic name entry element Roadside improvement
General subdivision Maintenance and repair
-- Congresses.
9 (RLIN) 43783
710 2# - ADDED ENTRY--CORPORATE NAME
Corporate name or jurisdiction name as entry element National Research Council (U.S.).
9 (RLIN) 20017
942 ## - ADDED ENTRY ELEMENTS (KOHA)
Source of classification or shelving scheme
Koha item type Book
Holdings
Withdrawn status Lost status Source of classification or shelving scheme Damaged status Not for loan Permanent Location Current Location Date acquired Total Checkouts Full call number Barcode Date last seen Price effective from Koha item type
          Military College of Engineering (MCE) Military College of Engineering (MCE) 07/24/2014   380.5 s NAT MCE-42266 07/24/2014 07/24/2014 Book
© 2023 Central Library, National University of Sciences and Technology. All Rights Reserved.